00313nam a2200121Ia 4500008004100000041000800041082001700049100001800066245002900084260004900113300001800162365001100180240624s9999 xx 000 0 und d aeng a658.3124 HAC aHACKETT PENNY aINTRODUCTION TO TRAINING c1997aHyderabadbEconomist Intelligence Unit a184p. ; 21cm. cRSb25